[Event "Novokuznetsk-ch"]
[Site "Novokuznetsk"]
[Date "2016.05.06"]
[Round "6"]
[White "Sergeev, Albert"]
[Black "Chernov, Mikhail"]
[Result "1/2-1/2"]
[WhiteElo "2300"]
[BlackElo "2315"]
[PlyCount "124"]
[EventDate "2016.05.01"]
[EventType "swiss"]
[EventRounds "9"]
[EventCountry "RUS"]
[SourceTitle "CBM 172 Extra"]
[Source "ChessBase"]
[SourceDate "2016.06.21"]
[SourceVersion "1"]
[SourceVersionDate "2016.06.21"]
[SourceQuality "1"]

1. e4 e6 2. d4 d5 3. Nc3 Bb4 4. e5 c5 5. a3 Bxc3+ 6. bxc3 Ne7 7. Qg4 0-0 8. Bd3 f5 9. exf6 Rxf6 10. Bg5 Rf7 11. Bxe7 Rxe7 12. Qh4 g6 13. Nf3 e5 14. dxe5 Rxe5+ 15. Kd2 Qxh4 16. Nxh4 Nc6 17. f4 Re8 18. Rhe1 Bd7 19. Nf3 Rad8 20. Rxe8+ Bxe8 21. Re1 c4 22. Bf1 Bf7 23. Nd4 Rd6 24. Nb5 Rf6 25. g3 g5 26. fxg5 Rf2+ 27. Ke3 Rxc2 28. Re2 Rc1 29. Bg2 Na5 30. Kd4 Rd1+ 31. Ke5 Nc6+ 32. Kf6 d4 33. cxd4 Nxd4 34. Nxd4 Rxd4 35. Re7 Rd6+ 36. Ke5 Rd2 37. Be4 Kf8 38. Rxb7 Re2 39. Kd4 Rd2+ 40. Ke3 Rxh2 41. Rxa7 Bg6 42. Bxg6 hxg6 43. Kd4 Rg2 44. Kxc4 Rxg3 45. Ra5 Rg4+ 46. Kc3 Rg3+ 47. Kd4 Rg4+ 48. Ke3 Ke7 49. Kf3 Rg1 50. Kf4 Rf1+ 51. Ke4 Rg1 52. Ra7+ Ke6 53. Ra6+ Kf7 54. Ra5 Ke6 55. a4 Rg4+ 56. Kf3 Rb4 57. Ke3 Rg4 58. Kd3 Rg3+ 59. Kc4 Rg4+ 60. Kd3 Rg3+ 61. Ke2 Rg4 62. Kf3 Rb4 1/2-1/2

[Event "Novokuznetsk-ch"]
[Site "Novokuznetsk"]
[Date "2014.05.07"]
[Round "7"]
[White "Sergeev, Albert"]
[Black "Chernov, Mikhail"]
[Result "0-1"]
[WhiteElo "2305"]
[BlackElo "2215"]
[PlyCount "90"]
[EventDate "2014.05.01"]
[EventType "swiss"]
[EventRounds "9"]
[EventCountry "RUS"]
[SourceTitle "CBM 160 Extra"]
[Source "ChessBase"]
[SourceDate "2014.07.01"]
[SourceVersion "1"]
[SourceVersionDate "2014.07.01"]
[SourceQuality "1"]

1. e4 e6 2. d4 d5 3. exd5 exd5 4. Bd3 c5 5. Nf3 c4 6. Be2 Nf6 7. 0-0 Be7 8. b3 cxb3 9. axb3 0-0 10. c4 Nc6 11. Nc3 h6 12. Ne5 Bf5 13. Nxc6 bxc6 14. Ba3 Ne4 15. Nxe4 Bxe4 16. Bd3 Bxd3 17. Qxd3 Re8 18. Bxe7 Qxe7 19. Ra6 Qb7 20. c5 Rab8 21. g3 Re6 22. Rb1 Rbe8 23. Kg2 Re1 24. Rb2 Qd7 25. Rba2 R8e7 26. b4 Qb7 27. Rxa7 Qxa7 28. Rxa7 Rxa7 29. b5 cxb5 30. Qxb5 Ra2 31. c6 Ree2 32. Qb8+ Kh7 33. Qf4 Rac2 34. c7 Kg8 35. Qf3 Re7 36. Qxd5 Rcxc7 37. Kf3 Rcd7 38. Qc5 Kh7 39. h4 Re6 40. Qc2+ g6 41. Qc4 Rf6+ 42. Ke3 Re7+ 43. Kd2 Rxf2+ 44. Kd1 Ra7 45. Ke1 Rh2 0-1

[Event "Novokuznetsk-ch"]
[Site "Novokuznetsk"]
[Date "2014.05.06"]
[Round "6"]
[White "Lavrov, Sergey Viktorovich"]
[Black "Sergeev, Albert"]
[Result "1-0"]
[WhiteElo "2411"]
[BlackElo "2305"]
[PlyCount "73"]
[EventDate "2014.05.01"]
[EventType "swiss"]
[EventRounds "9"]
[EventCountry "RUS"]
[SourceTitle "CBM 160 Extra"]
[Source "ChessBase"]
[SourceDate "2014.07.01"]
[SourceVersion "1"]
[SourceVersionDate "2014.07.01"]
[SourceQuality "1"]

1. d4 Nf6 2. c4 c5 3. d5 e6 4. Nc3 exd5 5. cxd5 d6 6. Nf3 a6 7. a4 g6 8. h3 Bg7 9. e4 0-0 10. Bd3 Re8 11. 0-0 Nbd7 12. Re1 Nh5 13. Bg5 Bf6 14. Be3 Ne5 15. Be2 Nxf3+ 16. Bxf3 Ng7 17. Qd2 Rb8 18. Rab1 Qa5 19. Bf4 Be5 20. Bxe5 Rxe5 21. Bd1 Re8 22. f4 f6 23. Bf3 Qb4 24. Rbd1 Bd7 25. e5 fxe5 26. fxe5 Rxe5 27. Rxe5 dxe5 28. Qg5 Qf4 29. Qe7 Qe3+ 30. Kh1 Bxh3 31. d6 Qh6 32. Nd5 Kh8 33. Qxe5 Bg4+ 34. Kg1 Bxf3 35. d7 Rg8 36. gxf3 Qh5 37. Qf6 1-0

[Event "Novokuznetsk op"]
[Site "Novokuznetsk"]
[Date "2013.08.17"]
[Round "7"]
[White "Sergeev, Albert"]
[Black "Silin, Sergei"]
[Result "0-1"]
[WhiteElo "2335"]
[BlackElo "1900"]
[PlyCount "139"]
[EventDate "2013.08.11"]
[EventType "swiss"]
[EventRounds "9"]
[EventCountry "RUS"]
[SourceTitle "CBM 156 Extra"]
[Source "ChessBase"]
[SourceDate "2013.10.22"]
[SourceVersion "1"]
[SourceVersionDate "2013.10.22"]
[SourceQuality "1"]

1. e4 c5 2. Nf3 d6 3. d4 cxd4 4. Nxd4 Nf6 5. Nc3 e6 6. g3 a6 7. Bg2 Be7 8. 0-0 0-0 9. Re1 Nc6 10. Nxc6 bxc6 11. e5 Nd5 12. exd6 Qxd6 13. Ne4 Qc7 14. a3 Rd8 15. Qf3 Bb7 16. c4 Nf6 17. Bf4 Qa5 18. c5 Nxe4 19. b4 Qb5 20. Bf1 Nd2 21. Bxd2 Qa4 22. Bf4 a5 23. Bc7 Rd7 24. Bxa5 Bxc5 25. Rad1 Bd4 26. Bd3 c5 27. Qg4 Rxa5 28. Qh4 Ra8 29. Qxh7+ Kf8 30. bxc5 Qxa3 31. Be4 Bxe4 32. Qh8+ Ke7 33. Qh4+ f6 34. Qxe4 Bxf2+ 35. Kxf2 Qxc5+ 36. Kf1 Qb5+ 37. Kg1 Qb6+ 38. Kh1 Rad8 39. Rb1 Qd6 40. Rbd1 Qb6 41. Rb1 Qa6 42. Rbc1 Qb7 43. Rc6 Rd6 44. Rc4 Qxe4+ 45. Rcxe4 e5 46. Kg2 Rd2+ 47. R4e2 Rxe2+ 48. Rxe2 Ke6 49. Kf3 g6 50. h4 Rd3+ 51. Kg2 Kd5 52. Ra2 Rc3 53. Rd2+ Ke6 54. Re2 Rc4 55. Rd2 e4 56. Ra2 Rd4 57. Kf2 Ke5 58. Ra5+ Rd5 59. Ra2 Kf5 60. Ra6 Re5 61. Ke3 Rb5 62. Kf2 Rb2+ 63. Kf1 e3 64. Rc6 Rf2+ 65. Kg1 Rf3 66. Kg2 e2 67. Rc5+ Ke4 68. Rc4+ Kd3 69. Kxf3 e1Q 70. Rc5 0-1

[Event "Novokuznetsk op"]
[Site "Novokuznetsk"]
[Date "2013.08.15"]
[Round "5"]
[White "Sergeev, Albert"]
[Black "Maleev, Pavel"]
[Result "0-1"]
[WhiteElo "2335"]
[BlackElo "2221"]
[PlyCount "64"]
[EventDate "2013.08.11"]
[EventType "swiss"]
[EventRounds "9"]
[EventCountry "RUS"]
[SourceTitle "CBM 156 Extra"]
[Source "ChessBase"]
[SourceDate "2013.10.22"]
[SourceVersion "1"]
[SourceVersionDate "2013.10.22"]
[SourceQuality "1"]

1. e4 c5 2. Nf3 Nc6 3. d4 cxd4 4. Nxd4 Nf6 5. Nc3 d6 6. Bc4 e6 7. Bb3 Be7 8. Be3 a6 9. f4 0-0 10. 0-0 Qa5 11. Qf3 Nxd4 12. Bxd4 e5 13. Be3 Bg4 14. Qg3 exf4 15. Rxf4 Bh5 16. Raf1 Bg6 17. Rxf6 Bxf6 18. Rxf6 gxf6 19. Nd5 Rfe8 20. Nxf6+ Kg7 21. Bd4 Re5 22. Qf2 Qd8 23. Nd5 f6 24. Bxe5 fxe5 25. Nb6 Rb8 26. Bd5 Qg5 27. Nc4 Qc1+ 28. Qf1 Qxc2 29. Qf2 Qb1+ 30. Qf1 Bxe4 31. Bxe4 Qxe4 32. Qf7+ Kxf7 0-1

[Event "Izmailov Memorial op 17th"]
[Site "Tomsk"]
[Date "2013.06.19"]
[Round "9"]
[White "Dmitrienko, Andrey"]
[Black "Sergeev, Albert"]
[Result "1-0"]
[WhiteElo "2208"]
[BlackElo "2346"]
[PlyCount "95"]
[EventDate "2013.06.11"]
[EventType "swiss"]
[EventRounds "9"]
[EventCountry "RUS"]
[SourceTitle "EXT 2014"]
[Source "ChessBase"]
[SourceDate "2013.11.20"]
[SourceVersion "1"]
[SourceVersionDate "2013.11.20"]
[SourceQuality "1"]

1. d4 Nf6 2. Nf3 c5 3. d5 e6 4. c4 exd5 5. cxd5 d6 6. Nc3 a6 7. a4 g6 8. Bg5 h6 9. Bh4 g5 10. Bg3 Nh5 11. e4 Nxg3 12. hxg3 Bg7 13. Bd3 Nd7 14. 0-0 0-0 15. Re1 Re8 16. Qc2 Ne5 17. Nxe5 Bxe5 18. Nd1 Rb8 19. a5 b5 20. axb6 Rxb6 21. Ra2 Qf6 22. b3 Bd4 23. Ne3 Bxe3 24. Rxe3 Kg7 25. Bc4 Re7 26. Qe2 Qe5 27. Bxa6 Bxa6 28. Rxa6 Reb7 29. Rxb6 Rxb6 30. Qg4 Rb7 31. Kh2 Re7 32. Qc8 Qf6 33. Qb8 Re5 34. Qc8 Re7 35. Re2 Qg6 36. Qg4 Re8 37. Re3 Qf6 38. Qe2 Qe5 39. Qh5 Qd4 40. Qe2 Qe5 41. Qh5 Qd4 42. Qg4 Re7 43. Qf5 Ra7 44. e5 dxe5 45. Rd3 Qa1 46. d6 Ra8 47. d7 Qa5 48. Qxe5+ 1-0

[Event "Izmailov Memorial op 17th"]
[Site "Tomsk"]
[Date "2013.06.16"]
[Round "6"]
[White "Nevostrujev, Vladimir"]
[Black "Sergeev, Albert"]
[Result "1-0"]
[WhiteElo "2440"]
[BlackElo "2346"]
[PlyCount "93"]
[EventDate "2013.06.11"]
[EventType "swiss"]
[EventRounds "9"]
[EventCountry "RUS"]
[SourceTitle "CBM 154 Extra"]
[Source "ChessBase"]
[SourceDate "2013.06.25"]
[SourceVersion "2"]
[SourceVersionDate "2013.06.25"]
[SourceQuality "1"]

1. e4 c5 2. Nf3 Nc6 3. d4 cxd4 4. Nxd4 Nf6 5. Nc3 d6 6. Bg5 e6 7. Qd2 a6 8. 0-0-0 Bd7 9. f4 b5 10. Bxf6 gxf6 11. f5 Qb6 12. Nce2 e5 13. Nxc6 Bxc6 14. Nc3 Rc8 15. Nd5 Bxd5 16. Qxd5 Bh6+ 17. Kb1 Ke7 18. Be2 Qc5 19. c3 Qxd5 20. Rxd5 Rhg8 21. g3 Rc6 22. a4 bxa4 23. Ra5 Ra8 24. Kc2 Be3 25. Ra1 Rc5 26. R1xa4 Rxa5 27. Rxa5 Bb6 28. Rxa6 Rxa6 29. Bxa6 Bg1 30. h3 Bf2 31. g4 h6 32. Kd3 Kd7 33. Bc4 Kc6 34. Bxf7 Kc5 35. b4+ Kc6 36. Kc4 Be1 37. Be8+ Kc7 38. Ba4 Bd2 39. Kd5 Bg5 40. Ke6 Bh4 41. Bb3 Bg5 42. Bd5 Bh4 43. c4 Bg5 44. b5 Bh4 45. Kf7 Bg5 46. Kg6 Kb6 47. Kh5 1-0

[Event "Izmailov Memorial op 17th"]
[Site "Tomsk"]
[Date "2013.06.14"]
[Round "4"]
[White "Kardashevskiy, Evgeny"]
[Black "Sergeev, Albert"]
[Result "0-1"]
[WhiteElo "2155"]
[BlackElo "2346"]
[PlyCount "50"]
[EventDate "2013.06.11"]
[EventType "swiss"]
[EventRounds "9"]
[EventCountry "RUS"]
[SourceTitle "CBM 154 Extra"]
[Source "ChessBase"]
[SourceDate "2013.06.25"]
[SourceVersion "2"]
[SourceVersionDate "2013.06.25"]
[SourceQuality "1"]

1. d4 Nf6 2. Nf3 e6 3. e3 b6 4. Bd3 Bb7 5. 0-0 Be7 6. c4 Ne4 7. Nc3 Nxc3 8. bxc3 c5 9. e4 Nc6 10. d5 Na5 11. Qe2 Qc7 12. Nd2 Bf6 13. Bb2 0-0 14. f4 d6 15. Rae1 g6 16. e5 Bg7 17. dxe6 fxe6 18. Ne4 dxe5 19. Ng5 Qe7 20. Qg4 Rad8 21. Qh3 h6 22. Bxg6 Rd2 23. Rf2 Rxf2 24. Kxf2 Qxg5 25. Qxe6+ Kh8 0-1

[Event "Izmailov Memorial op 17th"]
[Site "Tomsk"]
[Date "2013.06.13"]
[Round "3"]
[White "Sergeev, Albert"]
[Black "Tunik, Sergey"]
[Result "1/2-1/2"]
[WhiteElo "2346"]
[BlackElo "2131"]
[PlyCount "81"]
[EventDate "2013.06.11"]
[EventType "swiss"]
[EventRounds "9"]
[EventCountry "RUS"]
[SourceTitle "CBM 154 Extra"]
[Source "ChessBase"]
[SourceDate "2013.06.25"]
[SourceVersion "2"]
[SourceVersionDate "2013.06.25"]
[SourceQuality "1"]

1. e4 e6 2. d4 d5 3. Nc3 Bb4 4. exd5 exd5 5. Bd3 Nc6 6. Nge2 Nge7 7. 0-0 Bf5 8. Bf4 0-0 9. Nb5 Ba5 10. c3 Bxd3 11. Qxd3 Ng6 12. Qg3 a6 13. Na3 Nce7 14. Nc2 Qd7 15. Ne3 c6 16. Rfe1 Rad8 17. Qf3 Nh4 18. Qh5 Nhf5 19. Ng3 Nxe3 20. Rxe3 Ng6 21. Qf3 Rde8 22. Rae1 Re6 23. R1e2 Rfe8 24. Qg4 Nxf4 25. Qxf4 Bc7 26. Qg4 Bxg3 27. Qxg3 Rxe3 28. Rxe3 f6 29. h3 Kf7 30. Qf3 g6 31. Qf4 Rxe3 32. fxe3 f5 33. Kf2 Qe7 34. Kf3 Qe4+ 35. Qxe4 fxe4+ 36. Kf4 Kf6 37. h4 h6 38. Kg4 Ke6 39. Kf4 Kf6 40. Kg4 Ke6 41. Kf4 1/2-1/2

[Event "Novokuznetsk-ch HL"]
[Site "Novokuznetsk"]
[Date "2012.05.05"]
[Round "6"]
[White "Sergeev, Albert"]
[Black "Chernov, Mikhail"]
[Result "1-0"]
[WhiteElo "2318"]
[BlackElo "2206"]
[PlyCount "147"]
[EventDate "2012.04.30"]
[EventType "swiss"]
[EventRounds "8"]
[EventCountry "RUS"]
[SourceTitle "EXT 2013"]
[Source "ChessBase"]
[SourceDate "2012.11.22"]
[SourceVersion "1"]
[SourceVersionDate "2012.11.22"]
[SourceQuality "1"]

1. e4 e5 2. Nf3 Nc6 3. d4 exd4 4. Nxd4 Nf6 5. Nxc6 bxc6 6. Nc3 Bb4 7. Bd3 d5 8. exd5 cxd5 9. 0-0 0-0 10. Bg5 c6 11. Qf3 h6 12. Bxf6 Qxf6 13. Qxf6 gxf6 14. Ne2 Bd6 15. Ng3 Rb8 16. b3 Re8 17. Nh5 Be5 18. Rae1 Kf8 19. h3 Bd7 20. Re3 c5 21. Rd1 Rb6 22. Bc4 d4 23. Re2 Bf5 24. Rde1 Rd8 25. Bd3 Bg6 26. Ng3 Bxg3 27. fxg3 Rbb8 28. Bxg6 fxg6 29. Re6 Rb6 30. Kf2 Rbd6 31. Re7 R6d7 32. Rxd7 Rxd7 33. Re6 Kf7 34. Rc6 d3 35. cxd3 Rxd3 36. Rc7+ Ke6 37. Rxa7 Rd2+ 38. Kf1 Rc2 39. Ra6+ Ke5 40. Rc6 Rxa2 41. Rxc5+ Kd4 42. Rc4+ Ke5 43. g4 f5 44. gxf5 Kxf5 45. Kg1 g5 46. Kh2 h5 47. Kg3 Rb2 48. Rc5+ Kf6 49. Rc3 g4 50. h4 Kg6 51. Kh2 Kf5 52. Kg1 Kf4 53. Kh2 Rb1 54. Rc4+ Ke3 55. b4 Kf2 56. Rf4+ Ke3 57. Rf5 Rxb4 58. Kg3 Rb3 59. Rxh5 Ke2+ 60. Kxg4 Kf2 61. Rf5+ Kxg2 62. h5 Rg3+ 63. Kh4 Rh3+ 64. Kg5 Rg3+ 65. Kf6 Rh3 66. Kg6 Kg3 67. h6 Kg4 68. Rg5+ Kf4 69. Rh5 Ra3 70. h7 Ra6+ 71. Kf7 Ra7+ 72. Ke6 Ra6+ 73. Kd7 Ra7+ 74. Kc6 1-0

[Event "Sibiria Region-ch"]
[Site "Prokopevsk"]
[Date "2012.03.20"]
[Round "9"]
[White "Dyagilev, Viktor"]
[Black "Sergeev, Albert"]
[Result "1/2-1/2"]
[WhiteElo "2106"]
[BlackElo "2318"]
[PlyCount "98"]
[EventDate "2012.03.12"]
[EventType "swiss"]
[EventRounds "9"]
[EventCountry "RUS"]
[SourceTitle "EXT 2013"]
[Source "ChessBase"]
[SourceDate "2012.11.22"]
[SourceVersion "1"]
[SourceVersionDate "2012.11.22"]
[SourceQuality "1"]

1. e4 c5 2. Nf3 Nc6 3. d4 cxd4 4. Nxd4 Nf6 5. Nc3 d6 6. Be2 e5 7. Nb3 Be7 8. 0-0 0-0 9. Be3 a5 10. Bf3 a4 11. Nc1 Be6 12. Qd2 Qa5 13. N1e2 Rfd8 14. Rfd1 Rd7 15. h3 h6 16. g4 Rad8 17. b3 d5 18. Nxd5 Nxd5 19. Qxa5 Nxa5 20. exd5 Bxd5 21. Bxd5 Rxd5 22. Rxd5 Rxd5 23. Nc3 Rd6 24. Nxa4 b5 25. Nc3 b4 26. Ne4 Rc6 27. Rc1 g6 28. Bxh6 f5 29. Bg5 Kf7 30. Bxe7 Kxe7 31. Nd2 Ke6 32. c4 Nb7 33. Nf1 Nc5 34. Ne3 Nd3 35. Ra1 Nf4 36. gxf5+ gxf5 37. Nc2 Nxh3+ 38. Kf1 Rd6 39. Ke1 Nxf2 40. Nxb4 Nd3+ 41. Nxd3 Rxd3 42. Rc1 Rh3 43. c5 e4 44. Rc4 Kd5 45. c6 Rh8 46. c7 Rc8 47. Ke2 Kd6 48. Ke3 Rxc7 49. Rxc7 Kxc7 1/2-1/2

[Event "Novokuznetsk op"]
[Site "Novokuznetsk"]
[Date "2011.08.14"]
[Round "4"]
[White "Sergeev, Albert"]
[Black "Petrukhina, Irina"]
[Result "1-0"]
[WhiteElo "2323"]
[BlackElo "2190"]
[PlyCount "55"]
[EventDate "2011.08.11"]
[EventType "swiss"]
[EventRounds "9"]
[EventCountry "RUS"]
[SourceTitle "CBM 144 Extra"]
[Source "ChessBase"]
[SourceDate "2011.10.28"]
[SourceVersion "1"]
[SourceVersionDate "2011.10.28"]
[SourceQuality "1"]

1. e4 c5 2. Nf3 Nc6 3. d4 cxd4 4. Nxd4 g6 5. c4 Nf6 6. Nc3 Nxd4 7. Qxd4 d6 8. Be2 Bg7 9. Be3 0-0 10. Qd2 a5 11. Rd1 Be6 12. 0-0 a4 13. f4 Qa5 14. Bd4 Rfc8 15. b3 axb3 16. axb3 Kf8 17. f5 gxf5 18. exf5 Bxf5 19. b4 Qxb4 20. Rxf5 e5 21. Be3 Ra3 22. Bh6 Ne8 23. Rdf1 f6 24. Bxg7+ Kxg7 25. Rxf6 Nxf6 26. Qg5+ Kh8 27. Qxf6+ Kg8 28. Qe6+ 1-0

[Event "Abaza op"]
[Site "Abaza"]
[Date "2011.07.23"]
[Round "8"]
[White "Artemyev, Alexey"]
[Black "Sergeev, Albert"]
[Result "0-1"]
[WhiteElo "2075"]
[BlackElo "2323"]
[PlyCount "38"]
[EventDate "2011.07.16"]
[EventType "swiss"]
[EventRounds "9"]
[EventCountry "RUS"]
[SourceTitle "EXT 2012"]
[Source "ChessBase"]
[SourceDate "2011.11.24"]
[SourceVersion "1"]
[SourceVersionDate "2011.11.24"]
[SourceQuality "1"]

1. d4 Nf6 2. c4 c5 3. Nf3 cxd4 4. Nxd4 e5 5. Nb5 d5 6. cxd5 Bc5 7. e3 0-0 8. N5c3 Qe7 9. Be2 e4 10. Nd2 Rd8 11. 0-0 Nxd5 12. Ncxe4 Bxe3 13. fxe3 Nxe3 14. Qb3 Nxf1 15. Bxf1 Nc6 16. Ng3 Nd4 17. Qd1 Qc5 18. Kh1 Nc2 19. Nge4 Qc6 0-1

[Event "Abaza op"]
[Site "Abaza"]
[Date "2011.07.20"]
[Round "5"]
[White "Kostojakov, Ivan"]
[Black "Sergeev, Albert"]
[Result "0-1"]
[WhiteElo "2054"]
[BlackElo "2323"]
[PlyCount "40"]
[EventDate "2011.07.16"]
[EventType "swiss"]
[EventRounds "9"]
[EventCountry "RUS"]
[SourceTitle "EXT 2012"]
[Source "ChessBase"]
[SourceDate "2011.11.24"]
[SourceVersion "1"]
[SourceVersionDate "2011.11.24"]
[SourceQuality "1"]

1. e4 c5 2. Nf3 Nc6 3. Bb5 e6 4. Bxc6 bxc6 5. e5 Ne7 6. 0-0 Ng6 7. d3 f6 8. exf6 gxf6 9. Be3 e5 10. Re1 d5 11. c4 d4 12. Bc1 Bf5 13. Qc2 Rg8 14. Kh1 Kf7 15. g3 Qc8 16. Nbd2 h5 17. Ne4 Be7 18. h4 Bg4 19. Nh2 Nxh4 20. Nd2 Qf5 0-1